Hino Nacional Português - Statistics

Estatísticas Gerais
  • Esse quiz foi jogado 1 000 vezes
  • A pontuação média é 150 de 215
Estatísticas das Respostas
Palavra % Correto
O
98%
o
98%
Oh,
98%
a
96%
à
96%
À
96%
do
95%
E
95%
mar,
95%
mar
95%
de
94%
povo
92%
as
91%
Às
91%
às
91%
Heróis
91%
Portugal!
91%
Portugal
91%
nobre
90%
Pátria,
90%
Pátria
90%
da
89%
valente,
89%
armas,
88%
armas!
88%
imortal
88%
Nação
88%
novo
88%
hoje
86%
Levantai
86%
terra,
85%
terra
85%
avós
83%
brumas
83%
Entre
83%
Marchar,
83%
marchar!
83%
memória
83%
os
83%
vitória!
83%
canhões
82%
Sobre
82%
sobre
82%
vitória!
82%
esplendor
81%
Que
80%
que
80%
Pela
79%
sente-se
79%
Contra
78%
Dos
78%
lutar
78%
lutar!
78%
teu
78%
voz
78%
guiar-te
69%
teus
69%
guiar-te
67%
61%
egrégios
55%
ao
37%
nos
31%
bandeira
17%
céu!
17%
Sol
17%
d'amor
16%
Desfralda
16%
Europa
15%
invicta
15%
luz
15%
não
15%
Deu
14%
mundo!
14%
oceano,
14%
São
14%
um
14%
viva
14%
Brade
13%
inteira
13%
mãe
13%
Beija
12%
braço
12%
jucundo
12%
mundos
12%
novos
12%
pereceu
12%
rugir
12%
solo
12%
vencedor
12%
como
11%
dessa
11%
forte
11%
Raios
11%
Saudai
11%
afronta
10%
aurora
10%
beijos
10%
desponta
10%
eco
10%
guardam,
10%
porvir
10%
ressurgir
10%
ridente
10%
sinal
10%
sorte
10%
uma
10%
injúrias
9%
Seja
9%
sustêm
9%
Nenhum quiz correspondente encontrado
Distribuição das Pontuações
Porcentagem de Pessoas com Cada Pontuação
Percentil de Números Respondidos
Sua Pontuação Histórica
Você não jogou esse quiz